000 00261nam a2200097 a 4500
005 20201002053543.0
008 180503s2004 000 spa d
245 0 _aAtlas escolar de la República Dominicana.
260 _aSanto Domingo,
_c[s.f.].
999 _c46816
_d46816
040 _aDO-SdBNP